000 01431nam a2200385 a 4500
999 _c529523
_d529523
001 2928412
003 NUST
005 20190927103048.0
008 930121s1989 dcua b 000 0 eng d
010 _a 89050757
020 _a0309045614
035 _a(OCoLC)21977517
038 _aMSOHAIL
040 _aIEN-Tr
_cDLC
_dIEN-Tr
_dOCoLC
_dGU
_dDLC
042 _alccopycat
043 _an-us---
050 0 4 _aHE355
_b.L37 1989
082 _a0
100 1 _aLarson, Thomas D.
_921752
245 1 0 _aProcess for recapitalizing highway transportation systems /
_cThomas D. Larson, Kant Rao.
260 _aWashington, D.C. :
_bTransportation Research Board, National Research Council,
_c[1989]
300 _a43 p. :
_bill. ;
_c28 cm.
440 0 _aSynthesis of highway practice,
_x0547-5570 ;
_v151
_921753
500 _a"National Cooperative Highway Research Program."
500 _a"December 1989."
504 _aIncludes bibliographical references (p. 42-43).
650 0 _aRoads
_zUnited States
_xFinance.
_921754
650 0 _aHighway planning
_zUnited States.
_921432
700 1 _aRao, Kant.
_921561
710 2 _aNational Cooperative Highway Research Program.
_920864
710 2 _aNational Research Council (U.S.).
_bTransportation Research Board.
_919676
906 _a7
_bcbc
_ccopycat
_d4
_eocip
_f19
_gy-gencatlg
942 _2ddc
_cBK